Alla busshållplatser på Stomlinjerna i Stockholms innerstad - Statistics

General Stats
  • This quiz has been taken 7 times
  • The average score is 38 of 122
Answer Stats
Hint Answer % Correct
2 | 3 Slussen
100%
4 Gullmarsplan
75%
4 Hornstull
75%
4 Radiohuset
75%
3 Åsögatan
50%
1 Cityterminalen
50%
2 Ersta sjukhus
50%
1 Essingetorget
50%
3 | 4 Fleminggatan
50%
1 Fria Ukrainas plats
50%
1 | 4 Fridhemsplan
50%
1 Frihamnen
50%
4 Hornsgatan / Rosenlundsgatan
50%
1 Hötorget
50%
1 Humlegården
50%
3 | 6 Karolinska sjukhuset Eugeniavägen
50%
3 Karolinska sjukhuset norra
50%
1 Kungsbroplan
50%
1 Lilla Essingen
50%
1 Mariebergsgatan
50%
4 | 6 Odengatan / Valhallavägen
50%
2 | 4 | 6 Odenplan
50%
4 | 6 Östra station
50%
6 Ropsten
50%
3 | 4 Rosenlund
50%
2 | 4 | 6 Roslagsgatan
50%
1 Scheelegatan
50%
3 | 4 Skanstull
50%
4 Södra station
50%
4 | 6 Stadion
50%
2 | 4 | 6 Stadsbiblioteket
50%
1 S:t Eriksgatan
50%
3 | 4 S:t Eriksplan
50%
1 | 2 Stureplan
50%
1 | 4 Västerbroplan
50%
4 Zinkensdamm
50%
4 Banérgatan
25%
2 Barnängen
25%
1 Celsiusgatan
25%
4 | 6 Dalagatan
25%
3 | 4 Eriksdal
25%
3 Gotlandsgatan
25%
1 Jungfrugatan
25%
3 | 6 Karolinska institutet Biomedicum
25%
3 Kronobergsgatan
25%
3 Kungsholms kyrka
25%
3 Kungsholmstorg
25%
2 Kungsträdgården
25%
3 Landstingshuset
25%
3 Mälartorget
25%
4 Musikhögskolan
25%
3 Polhemsgatan
25%
1 Primusgatan
25%
1 Regeringsgatan
25%
3 Riddarhustorget
25%
2 Slottsbacken
25%
3 Södermannagatan
25%
3 Södersjukhuset
25%
2 Sofiaskolan
25%
3 Stadshuset
25%
6 S:t Eriksgatan
25%
2 Sveaplan
25%
3 Tegelbacken
25%
2 | 3 Tjärhovsplan
25%
3 | 6 Torsplan
25%
2 Vanadisvägen
25%
4 Varvsgatan
25%
1 Wivalliusgatan
25%
1 Broparken
0%
6 Drevergatan
0%
2 Eriksbergsgatan
0%
2 Erstagatan
0%
1 Flottbrovägen
0%
2 Frejgatan
0%
1 Frihamnsporten
0%
1 Gärdet
0%
4 Garnisonen
0%
6 Jaktgatan
0%
2 Jarlaplan
0%
1 Kampementsbacken
0%
3 | 6 Karlbergsvägen
0%
2 Karl XII:s torg
0%
1 Linnégatan
0%
2 Mandelparken
0%
2 Norrmalmstorg
0%
2 Norrtullsgatan
0%
1 Nybrogatan
0%
6 Östermalms idrottsplats
0%
1 Östhammarsgatan
0%
1 Rökubbsgatan
0%
1 Sandhamnsplan
0%
1 Sehlstedtsgatan
0%
6 Storängsvägen
0%
1 Storskärsgatan
0%
2 Tegnérgatan
0%
1 | 4 Värtavägen
0%
2 Ynglingagatan
0%
No matching quizzes found
Score Distribution
Percent of People with Each Score
Percentile by Number Answered
Your Score History
You have not taken this quiz